水稲の品種別作付ランキング - Statistics

General Stats
  • This quiz has been taken 303 times
  • The average score is 61 of 138
Answer Stats
都道府県 Answer % Correct
三重県 | 京都府 | 兵庫県 | +30 others コシヒカリ
97%
三重県 | 岡山県 | 岩手県 | +4 others あきたこまち
95%
北海道 ゆめぴりか
70%
大分県 | 奈良県 | 宮城県 | +8 others ひとめぼれ
58%
山形県 はえぬき
57%
宮城県 ササニシキ
56%
北海道 ななつぼし
46%
京都府 | 佐賀県 | 兵庫県 | +14 others ヒノヒカリ
43%
大分県 | 宮城県 | 山形県 | 島根県 つや姫
35%
北海道 きらら397
34%
青森県 青天の霹靂
31%
熊本県 森のくまさん
21%
三重県 | 京都府 | 兵庫県 | +5 others キヌヒカリ
16%
新潟県 こしいぶき
15%
青森県 まっしぐら
13%
青森県 つがるロマン
12%
愛知県 | 静岡県 あいちのかおり
9%
和歌山県 | 大阪府 | 島根県 | +2 others きぬむすめ
8%
埼玉県 彩のかがやき
7%
千葉県 ふさこがね
7%
長崎県 | 高知県 にこまる
7%
滋賀県 みずかがみ
7%
福岡県 夢つくし
6%
佐賀県 さがびより
6%
岐阜県 ハツシモ
5%
千葉県 ふさおとめ
5%
福岡県 元気つくし
5%
山梨県 | 岐阜県 | 栃木県 | +2 others あさひの夢
4%
富山県 てんたかく
4%
福島県 天のつぶ
4%
栃木県 とちぎの星
4%
佐賀県 夢しずく
3%
沖縄県 ちゅらひかり
3%
埼玉県 彩のきずな
3%
長野県 風さやか
3%
香川県 おいでまい
3%
神奈川県 はるみ
2%
岡山県 アケボノ
2%
石川県 ゆめみづほ
2%
福井県 ハナエチゼン
2%
広島県 | 徳島県 | 福井県 あきさかり
2%
岩手県 いわてっこ
2%
秋田県 めんこいな
2%
神奈川県 さとじまん
2%
富山県 てんこもり
2%
石川県 ひゃくまん穀
2%
愛知県 ミネアサヒ
2%
長崎県 なつほのか
2%
鹿児島県 あきほなみ
2%
新潟県 ゆきん子舞
1%
宮崎県 おてんとそだち
1%
沖縄県 ミルキーサマー
1%
No matching quizzes found
Score Distribution
Percent of People with Each Score
Percentile by Number Answered
Your Score History
You have not taken this quiz